000
00242 a2200097 4500
001
13282
100
_a
Logan,D.L
245
_a
First course in the finite element method
260
_a
Australia
_b
Thomson books/cole
_c
2002
090
_c
10282
_d
10282
942
_a
NUST-CAE
_c
M
_c
317
999
_c
248355
_d
248355